00547 2200217 4500001002100000005001700021008004100038020001800079035002400097090001800121100001700139245003800156250001100194260003100205300002400236650001800260850001500278980001500293985000600308999001500314YOGYA-0209000003555020090227025025.0 ind  a979-413-294-2 0010-020900000035550 a177bHan ElT aHandaya, Ben aEtiket dan pergaulancBen Handaya aCet. 6 aYogyakartabkanisiusc1990 a71 hlmbilusc19 cm aEtiket sosial aYOPDYOG(B) a02-10-2006 a1 aP000029607